|
|
|
|
| LEADER |
00000nam a2200000 i 4500 |
| 001 |
DIGUPAMP0048 |
| 003 |
NyNyDIG |
| 007 |
cr ||||||||||| |
| 008 |
250902s2018 ck a o 000 j spa d |
| 006 |
m o d |
| 035 |
|
|
|a (OCoLC)1536545110
|
| 040 |
|
|
|a DGITA
|b eng
|e rda
|e pn
|c DGITA
|
| 020 |
|
|
|z 9789585667006
|
| 043 |
|
|
|a s-ck---
|
| 050 |
1 |
4 |
|a PQ8176 ebook
|
| 245 |
0 |
0 |
|a ¿Escribir es tu cuento? ¡Cuéntanos tu cuento! :
|b concurso interno de cuento Universidad de Pamplona.
|
| 264 |
|
1 |
|a [Pamplona, Colombia] :
|b Editorial Universidad de Pamplona,
|c [2018]
|
| 300 |
|
|
|a 1 online resource :
|b illustrations.
|
| 336 |
|
|
|a text
|b txt
|2 rdacontent
|
| 337 |
|
|
|a computer
|b c
|2 rdamedia
|
| 338 |
|
|
|a online resource
|b cr
|2 rdacarrier
|
| 347 |
|
|
|a text file
|2 rdaft
|
| 347 |
|
|
|b PDF
|
| 500 |
|
|
|a "Programa de Licenciatura en Lengua Castellana y Comunicación, Universidad de Pamplona".
|
| 588 |
0 |
|
|a Online resource; title from PDF title page (Digitalia, viewed September 2, 2025)
|
| 650 |
|
0 |
|a Short stories, Colombian.
|
| 655 |
|
7 |
|a Short stories.
|2 lcgft
|
| 710 |
2 |
|
|a Universidad de Pamplona (Pamplona, Norte de Santander, Colombia),
|e sponsoring body.
|
| 791 |
2 |
|
|a Digitalia (Firm),
|e distributor.
|
| 793 |
0 |
|
|g Digitalia eBook Collection:
|a Universidad de Pamplona
|
| 776 |
0 |
8 |
|i Print version:
|t ¿Escribir es tu cuento? ¡Cuéntanos tu cuento!.
|d [Pamplona, Colombia] : Editorial Universidad de Pamplona, [2018]
|z 9789585667006
|
| 856 |
4 |
0 |
|3 Digitalia Hispánica
|u https://www.digitaliapublishing.com/a/175695/
|
| 910 |
|
|
|a Premium collection: 2025
|